[Event "Masdenverge op 5th"]
[Site "Masdenverge"]
[Date "2016.06.24"]
[Round "1"]
[White "Buch Prades, Joan"]
[Black "Rodriguez Sensano, Manel"]
[Result "1-0"]
[WhiteElo "2077"]
[BlackElo "1539"]
[PlyCount "49"]
[EventDate "2016.06.24"]
[EventType "swiss"]
[EventRounds "7"]
[EventCountry "ESP"]
[SourceTitle "EXT 2017"]
[Source "ChessBase"]
[SourceDate "2016.10.25"]
[SourceVersion "1"]
[SourceVersionDate "2016.10.25"]
[SourceQuality "1"]

1. d4 Nf6 2. c4 e5 3. dxe5 Ng4 4. e3 Nxe5 5. Nh3 d6 6. Nf4 Nbc6 7. Nc3 g6 8. Be2 Bg7 9. h4 h5 10. Nfd5 a6 11. e4 b6 12. Bg5 f6 13. Bf4 Be6 14. Qd2 Qd7 15. 0-0-0 f5 16. Bg5 Nf7 17. Nf6+ Bxf6 18. Bxf6 Rf8 19. exf5 Bxf5 20. Rhe1 Nfe5 21. Nd5 Be6 22. f4 Ng4 23. Bxg4 hxg4 24. Rxe6+ Qxe6 25. Nxc7+ 1-0

[Event "Masdenverge op 4th"]
[Site "Masdenverge"]
[Date "2015.06.27"]
[Round "4"]
[White "Asensio Linan, Teodoro"]
[Black "Buch Prades, Joan"]
[Result "1/2-1/2"]
[WhiteElo "2168"]
[BlackElo "2093"]
[PlyCount "116"]
[EventDate "2015.06.26"]
[EventType "swiss"]
[EventRounds "7"]
[EventCountry "ESP"]
[SourceTitle "EXT 2019"]
[Source "ChessBase"]
[SourceDate "2018.10.10"]
[SourceVersion "1"]
[SourceVersionDate "2018.10.10"]
[SourceQuality "1"]

1. e4 c5 2. Nf3 Nc6 3. Bb5 g6 4. 0-0 Bg7 5. Re1 e5 6. c3 Nge7 7. h3 0-0 8. Na3 a6 9. Bf1 d5 10. exd5 Qxd5 11. Nc4 Rb8 12. d4 cxd4 13. cxd4 Rd8 14. Bg5 f6 15. Nb6 Qd6 16. Qb3+ Be6 17. Bc4 Bxc4 18. Qxc4+ Kh8 19. dxe5 fxe5 20. Be3 Qb4 21. Bc5 Qxc4 22. Nxc4 Nf5 23. Ng5 Rd5 24. b4 b5 25. Nb6 Rd3 26. Rad1 Rxd1 27. Rxd1 Nfd4 28. Nd5 h6 29. Ne4 Bf8 30. Kf1 Bxc5 31. bxc5 b4 32. Nd6 Kg7 33. Nb6 Ne6 34. Ne4 Nxc5 35. Nxc5 Rxb6 36. Rd6 a5 37. Ne6+ Kg8 38. Nd8 a4 39. Nxc6 Kf8 40. Rd8+ Kg7 41. Nxe5 b3 42. axb3 axb3 43. Rd1 Rb5 44. f4 g5 45. Rb1 gxf4 46. Nd3 Kf6 47. Ke2 Kf5 48. Rf1 Kg5 49. Kd2 Kh4 50. Rxf4+ Kg3 51. Rg4+ Kh2 52. Kc3 Rb6 53. Nb4 Re6 54. Kxb3 Re2 55. Nd5 Rxg2 56. Rxg2+ Kxg2 57. h4 Kg3 58. h5 Kg4 1/2-1/2

[Event "Masdenverge op 4th"]
[Site "Masdenverge"]
[Date "2015.06.27"]
[Round "5"]
[White "Buch Prades, Joan"]
[Black "Guasch Figuerola, Agusti"]
[Result "0-1"]
[WhiteElo "2093"]
[BlackElo "2055"]
[PlyCount "81"]
[EventDate "2015.06.26"]
[EventType "swiss"]
[EventRounds "7"]
[EventCountry "ESP"]
[SourceTitle "EXT 2019"]
[Source "ChessBase"]
[SourceDate "2018.10.10"]
[SourceVersion "1"]
[SourceVersionDate "2018.10.10"]
[SourceQuality "1"]

1. d4 e6 2. c4 f5 3. Nc3 Nf6 4. Nf3 Bb4 5. Qc2 b6 6. a3 Bxc3+ 7. Qxc3 Bb7 8. e3 0-0 9. Bd3 d6 10. b4 a5 11. Bb2 axb4 12. axb4 Rxa1+ 13. Bxa1 Ne4 14. Qc2 Nd7 15. 0-0 Ndf6 16. Ne1 Ng4 17. h3 Ngf6 18. Nf3 Qe7 19. Rb1 Ra8 20. Qb2 g5 21. c5 g4 22. hxg4 fxg4 23. Nh2 g3 24. fxg3 Qg7 25. g4 Nxg4 26. Nxg4 Qxg4 27. d5 e5 28. c6 Bc8 29. Qc2 Ng5 30. Qe2 Qg3 31. Qh5 Bh3 32. Bxh7+ Kg7 33. Be4 Nxe4 34. Qxh3 Qxh3 35. gxh3 Ra3 36. Rf1 Rxe3 37. h4 Nf6 38. Rf2 Re4 39. Rh2 Rxb4 40. Kf2 Re4 41. Kf3 0-1

[Event "Benidorm U16 op 9th"]
[Site "Benidorm"]
[Date "2013.12.08"]
[Round "6"]
[White "Buch Prades, Joan"]
[Black "Perez Garcia, Alejandro"]
[Result "1/2-1/2"]
[WhiteElo "2125"]
[BlackElo "1990"]
[PlyCount "98"]
[EventDate "2013.12.05"]
[EventType "swiss"]
[EventRounds "6"]
[EventCountry "ESP"]
[SourceTitle "EXT 2015"]
[Source "ChessBase"]
[SourceDate "2014.11.20"]
[SourceVersion "1"]
[SourceVersionDate "2014.11.20"]
[SourceQuality "1"]

1. e4 c5 2. b3 Nf6 3. e5 Nd5 4. Bb2 Nc6 5. Nf3 e6 6. Nc3 Nxc3 7. Bxc3 b6 8. Bd3 Bb7 9. Qe2 Nb4 10. Bxb4 cxb4 11. Be4 Qc7 12. Bxb7 Qxb7 13. 0-0 Rc8 14. Rac1 Be7 15. c4 bxc3 16. Rxc3 0-0 17. Rfc1 Rxc3 18. Rxc3 d6 19. d4 dxe5 20. dxe5 Rd8 21. Qc2 Bb4 22. Rd3 Rxd3 23. Qxd3 Qc7 24. g3 Qc1+ 25. Kg2 Qb2 26. Qe4 a5 27. Ng5 h6 28. Qh7+ Kf8 29. Qh8+ Ke7 30. Nh7 Qxe5 31. Qf8+ Kd7 32. Qxf7+ Kd6 33. Nf8 Qf5 34. Qxg7 Bc5 35. f4 Qc2+ 36. Kh3 Qf5+ 37. Kh4 Kd5 38. Ng6 Ke4 39. Qxh6 Kd3 40. Qg5 Qe4 41. Ne5+ Kc3 42. Nc4 Bd4 43. Nd6 Qh7+ 44. Kg4 Kb2 45. f5 Qxh2 46. fxe6 Qe2+ 47. Kh4 Qh2+ 48. Kg4 Qe2+ 49. Kh4 Qh2+ 1/2-1/2

[Event "Benidorm Nuevas Generaciones U16 8th"]
[Site "Benidorm"]
[Date "2012.12.07"]
[Round "4"]
[White "Buch Prades, Joan"]
[Black "Vilanova Olmedo, Ignasi"]
[Result "1/2-1/2"]
[WhiteElo "2075"]
[BlackElo "1786"]
[PlyCount "84"]
[EventDate "2012.12.05"]
[EventType "swiss"]
[EventRounds "7"]
[EventCountry "ESP"]
[SourceTitle "EXT 2022"]
[Source "ChessBase"]
[SourceDate "2021.10.06"]
[SourceVersion "1"]
[SourceVersionDate "2021.10.06"]
[SourceQuality "1"]

1. d4 Nf6 2. c4 e6 3. Nc3 b6 4. e4 Bb7 5. Bd3 d6 6. Nge2 Be7 7. h3 Nbd7 8. 0-0 0-0 9. f4 d5 10. e5 Ne4 11. cxd5 exd5 12. Nxe4 dxe4 13. Bc4 Kh8 14. Ng3 f5 15. Be3 c6 16. Ne2 b5 17. Bb3 Nb6 18. Qd2 Nd5 19. Bf2 a5 20. Nc3 a4 21. Nxd5 cxd5 22. Bd1 Bc8 23. Rc1 Bd7 24. g4 g6 25. g5 Rc8 26. Rxc8 Qxc8 27. Be2 Qb7 28. h4 Rc8 29. h5 Kg7 30. Rc1 Rxc1+ 31. Qxc1 Qc6 32. Qf1 Be8 33. hxg6 hxg6 34. Be3 Kg8 35. a3 Bf8 36. Kf2 Qb6 37. Qc1 Bd7 38. Qc3 Qc6 39. Bd2 Qxc3 40. Bxc3 Kf7 41. Ke3 Ke6 42. Ba5 Be7 1/2-1/2

[Event "Catalunya-ch U16"]
[Site "Vila Seca"]
[Date "2012.04.01"]
[Round "3"]
[White "Juan Bartroli, Pau"]
[Black "Buch Prades, Joan"]
[Result "0-1"]
[WhiteElo "1896"]
[BlackElo "2018"]
[PlyCount "126"]
[EventDate "2012.03.31"]
[EventType "swiss"]
[EventRounds "9"]
[EventCountry "ESP"]
[SourceTitle "EXT 2015"]
[Source "ChessBase"]
[SourceDate "2014.11.20"]
[SourceVersion "1"]
[SourceVersionDate "2014.11.20"]
[SourceQuality "1"]

1. d4 d5 2. c4 e6 3. Nc3 Nf6 4. cxd5 exd5 5. Bg5 Nbd7 6. e3 Be7 7. Bd3 0-0 8. Qc2 b6 9. Nge2 Bb7 10. 0-0 c5 11. Rad1 c4 12. Bf5 g6 13. Bxd7 Qxd7 14. f3 b5 15. Bxf6 Bxf6 16. e4 Bg7 17. e5 Bc8 18. Ng3 h5 19. Rfe1 h4 20. Nf1 b4 21. Nxd5 Qxd5 22. Ne3 Qb5 23. Qxc4 Qxc4 24. Nxc4 Rd8 25. d5 Ba6 26. b3 Rac8 27. e6 fxe6 28. Rxe6 Bxc4 29. bxc4 Rxc4 30. Rxg6 Kf7 31. Ra6 Bd4+ 32. Kf1 Rxd5 33. Rxa7+ Bxa7 34. Rxd5 Ke6 35. Rd2 Bb8 36. g3 hxg3 37. hxg3 Bxg3 38. Ke2 Rh4 39. Kd3 Rh2 40. Rxh2 Bxh2 41. Ke4 Kd6 42. Kd4 Kc6 43. Kc4 Bd6 44. f4 Kb6 45. f5 Ka5 46. Kb3 Kb5 47. f6 Bc5 48. f7 Bd6 49. Kb2 Kc6 50. Kb3 Kb5 51. Kb2 Kc4 52. Kc2 Kd5 53. Kd3 Ke6 54. Ke3 Kxf7 55. Kd3 Ke6 56. Ke4 Bc5 57. Kd3 Kd5 58. Kd2 Kd4 59. Kc2 Kc4 60. Kd2 Bd4 61. Kc2 Bc3 62. Kd1 Kb5 63. Kc2 Ka4 0-1

[Event "Figueres op 12th"]
[Site "Figueres"]
[Date "2011.08.14"]
[Round "5"]
[White "Buch Prades, Joan"]
[Black "Gonzalez Vericat, Sergio"]
[Result "0-1"]
[WhiteElo "1965"]
[BlackElo "2229"]
[PlyCount "146"]
[EventDate "2011.08.11"]
[EventType "swiss"]
[EventRounds "9"]
[EventCountry "ESP"]
[SourceTitle "CBM 143 Extra"]
[Source "ChessBase"]
[SourceDate "2011.08.29"]
[SourceVersion "1"]
[SourceVersionDate "2011.08.29"]
[SourceQuality "1"]

1. d4 d5 2. c4 c6 3. Nf3 Nf6 4. Nc3 e6 5. cxd5 exd5 6. Bg5 Be7 7. Qc2 0-0 8. e3 Ne4 9. Bf4 Bb4 10. Bd3 f5 11. 0-0 g5 12. Bxe4 gxf4 13. Bd3 fxe3 14. fxe3 Bd6 15. g3 Na6 16. a3 Kh8 17. Nh4 Rg8 18. Ng2 Nc7 19. Bxf5 Rg7 20. Ne2 Ne6 21. Nef4 Ng5 22. Nh5 Re7 23. Bxc8 Rxc8 24. Qf5 Ne4 25. Nh4 Re8 26. Nf4 Rg8 27. Qh5 Qe8 28. Qh6 Be7 29. Nf3 Rd8 30. Ne5 Bg5 31. Qh3 Rd6 32. g4 Rh6 33. Qg2 Nf6 34. Rf3 Rh4 35. h3 h5 36. Raf1 hxg4 37. hxg4 Nxg4 38. Nfg6+ Rxg6 39. Nxg6+ Qxg6 40. Rf8+ Kg7 41. R1f7+ Qxf7 42. Rxf7+ Kxf7 43. Qg3 Ke6 44. Qc7 Bxe3+ 45. Kg2 Nf6 46. Qc8+ Kf7 47. Qxb7+ Kg6 48. Qxc6 Bxd4 49. Qc2+ Re4 50. b4 Kf5 51. Qc8+ Kf4 52. Qc7+ Kg5 53. Qg7+ Kf5 54. Qf8 Rg4+ 55. Kf3 Rf4+ 56. Ke2 Re4+ 57. Kd2 Re8 58. Qf7 Be3+ 59. Kc2 d4 60. Kd3 Rc8 61. Qxa7 Rc3+ 62. Ke2 Rc2+ 63. Kd3 Rc3+ 64. Ke2 Nd5 65. Qf7+ Ke5 66. Qg7+ Nf6 67. Qe7+ Kf5 68. a4 Rc2+ 69. Kd3 Rc3+ 70. Ke2 d3+ 71. Kxe3 Nd5+ 72. Kd2 Nxe7 73. Kxc3 Ke4 0-1

[Event "Catalunya-ch U14"]
[Site "Vila Seca"]
[Date "2011.04.17"]
[Round "3"]
[White "Buch Prades, Joan"]
[Black "Ballester Benito, Rocco"]
[Result "1-0"]
[WhiteElo "1990"]
[BlackElo "1753"]
[PlyCount "129"]
[EventDate "2011.04.16"]
[EventType "swiss"]
[EventRounds "8"]
[EventCountry "ESP"]
[SourceTitle "EXT 2015"]
[Source "ChessBase"]
[SourceDate "2014.11.20"]
[SourceVersion "1"]
[SourceVersionDate "2014.11.20"]
[SourceQuality "1"]

1. d4 d5 2. c4 e6 3. Nc3 Be7 4. Nf3 Nf6 5. Bg5 h6 6. Bh4 0-0 7. e3 b6 8. cxd5 exd5 9. Bd3 Bb7 10. 0-0 Nbd7 11. Rc1 c5 12. Bb1 Rc8 13. Bg3 Ne4 14. Nxe4 dxe4 15. Nd2 Nf6 16. Be5 Re8 17. Qe2 Bd6 18. Rfd1 Qe7 19. Bxd6 Qxd6 20. dxc5 Rxc5 21. Rxc5 Qxc5 22. Nb3 Qe7 23. Nd4 Rc8 24. Nf5 Qe5 25. Nd6 Rc7 26. Nxb7 Rxb7 27. Qc4 Rc7 28. Qd4 Qe7 29. Qd8+ Qxd8 30. Rxd8+ Kh7 31. Rd1 g6 32. Kf1 Kg7 33. Ke2 Re7 34. Rd4 h5 35. h3 Re5 36. Ra4 Re7 37. Kd2 Kg8 38. Rd4 Kg7 39. a4 Re5 40. b4 Kh6 41. Kc3 Kg7 42. b5 Kh6 43. Ba2 Kg7 44. Kb4 Rf5 45. Rd2 Rc5 46. a5 Rc7 47. Bb3 Rb7 48. Rd6 Rb8 49. Rc6 Rb7 50. Bc4 Nh7 51. Bd5 Nf6 52. Rxf6 bxa5+ 53. Kxa5 Rxb5+ 54. Kxb5 Kxf6 55. Bxe4 Ke5 56. Bd3 g5 57. Ka6 h4 58. Kxa7 f5 59. Be2 f4 60. exf4+ Kxf4 61. Kb6 Ke5 62. Kc5 Ke6 63. Kd4 Kf6 64. Ke4 Kg6 65. Ke5 1-0

[Event "Benidorm New Generation U16 06th"]
[Site "Benidorm"]
[Date "2010.12.06"]
[Round "4"]
[White "Garcia Martinez, Marcos"]
[Black "Buch Prades, Joan"]
[Result "1/2-1/2"]
[WhiteElo "1710"]
[BlackElo "1969"]
[PlyCount "45"]
[EventDate "2010.12.04"]
[EventType "swiss"]
[EventRounds "7"]
[EventCountry "ESP"]
[SourceTitle "EXT 2024"]
[Source "ChessBase"]
[SourceDate "2023.10.10"]
[SourceVersion "1"]
[SourceVersionDate "2023.10.10"]
[SourceQuality "1"]

1. d4 Nf6 2. g3 d5 3. Bg2 e6 4. c4 c6 5. Nf3 Be7 6. 0-0 0-0 7. Nc3 Nbd7 8. Nd2 e5 9. cxd5 cxd5 10. dxe5 Nxe5 11. Nb3 Be6 12. Nd4 Nc6 13. Be3 Ng4 14. Qd2 Nxe3 15. Qxe3 Nxd4 16. Qxd4 Bf6 17. Qd2 Qa5 18. Rfd1 Bxc3 19. Qxc3 Qb5 20. Rd2 Rac8 21. Qe5 Rc5 22. Rad1 Rfc8 23. Bf3 1/2-1/2

[Event "Figueres op 11th"]
[Site "Figueres"]
[Date "2010.08.14"]
[Round "5"]
[White "Sabria Batlle, Pol"]
[Black "Buch Prades, Joan"]
[Result "1-0"]
[WhiteElo "2211"]
[BlackElo "1877"]
[PlyCount "107"]
[EventDate "2010.08.11"]
[EventType "swiss"]
[EventRounds "9"]
[EventCountry "ESP"]
[SourceTitle "CBM 137 Extra"]
[Source "ChessBase"]
[SourceDate "2010.09.01"]
[SourceVersion "1"]
[SourceVersionDate "2010.09.01"]
[SourceQuality "1"]

1. e4 c5 2. Nf3 Nc6 3. d4 cxd4 4. Nxd4 g6 5. Nc3 Bg7 6. Nb3 Nf6 7. Be2 0-0 8. 0-0 d6 9. Bg5 b6 10. f4 Bb7 11. Bf3 Nd7 12. Nd5 Bxb2 13. Rb1 Bg7 14. e5 f6 15. exf6 exf6 16. Bh4 Nc5 17. Re1 Rb8 18. Kh1 Kh8 19. Re3 Qd7 20. Qe2 Nxb3 21. axb3 Nd4 22. Qf2 Nxf3 23. Qxf3 Qf5 24. Rd3 g5 25. Bg3 Qc8 26. Qf2 Qc6 27. f5 Rfe8 28. c4 Rbd8 29. Re1 Qc5 30. Qd2 Bc8 31. Ne7 d5 32. Rde3 Rf8 33. cxd5 Bxf5 34. Nxf5 Rxd5 35. Rc1 Qb5 36. Nd6 Qxb3 37. Qe2 Qa4 38. Re7 Qa3 39. Rd1 Rxd1+ 40. Qxd1 Qa2 41. Nf5 Rf7 42. h4 h6 43. Kh2 b5 44. Qd7 Rxe7 45. Qxe7 Qg8 46. Qxa7 b4 47. Nxg7 Qxg7 48. Qb8+ Kh7 49. Qxb4 f5 50. Qb1 Qf6 51. Qb7+ Kg8 52. Qb8+ Kh7 53. Be5 Qe6 54. h5 1-0

[Event "Catalunya-ch U20"]
[Site "Vila Seca"]
[Date "2010.04.01"]
[Round "2"]
[White "Triadu Cassa, Jordi"]
[Black "Buch Prades, Joan"]
[Result "1-0"]
[WhiteElo "1986"]
[BlackElo "1825"]
[PlyCount "103"]
[EventDate "2010.03.31"]
[EventType "swiss"]
[EventRounds "9"]
[EventCountry "ESP"]
[SourceTitle "CBM 135 Extra"]
[Source "ChessBase"]
[SourceDate "2010.05.04"]
[SourceVersion "1"]
[SourceVersionDate "2010.05.04"]
[SourceQuality "1"]

1. e4 c5 2. Nf3 Nc6 3. d4 cxd4 4. Nxd4 g6 5. Nc3 Bg7 6. Be3 Nf6 7. Bc4 0-0 8. Qd2 Ng4 9. Nxc6 dxc6 10. Bg5 Qxd2+ 11. Bxd2 Rd8 12. f3 Ne5 13. Bb3 b5 14. 0-0-0 Bb7 15. Be3 a5 16. a4 b4 17. Ne2 Ba6 18. Ng3 Bc4 19. Rxd8+ Rxd8 20. Rd1 Rxd1+ 21. Kxd1 Bxb3 22. cxb3 Nd7 23. Kc2 Kf8 24. Nf1 Be5 25. g3 Ke8 26. Nd2 Kd8 27. Nc4 Bc7 28. Kd3 Kc8 29. Bf4 e5 30. Be3 Kb7 31. Bf2 Nf8 32. Bc5 Ne6 33. Bd6 Nd4 34. Bxc7 Kxc7 35. Nxe5 Nxb3 36. Kc4 Nd2+ 37. Kc5 Nb3+ 38. Kc4 Nd2+ 39. Kd3 Nb3 40. Nxf7 Nc5+ 41. Kc2 Nxa4 42. Ng5 h6 43. Nf7 h5 44. Ne5 g5 45. Nc4 Nb6 46. Nxa5 Nd7 47. Nc4 Nc5 48. Ne5 g4 49. fxg4 hxg4 50. Nxg4 Nxe4 51. Kd3 Ng5 52. Kc4 1-0

[Event "ESP-ch U12"]
[Site "Granada"]
[Date "2009.07.05"]
[Round "9"]
[White "Buendia Pinar, Alvaro"]
[Black "Buch Prades, Joan"]
[Result "1/2-1/2"]
[WhiteElo "1833"]
[BlackElo "1596"]
[PlyCount "67"]
[EventDate "2009.06.30"]
[EventType "swiss"]
[EventRounds "9"]
[EventCountry "ESP"]
[SourceTitle "CBM 131 Extra"]
[Source "ChessBase"]
[SourceDate "2009.09.03"]
[SourceVersion "2"]
[SourceVersionDate "2009.09.16"]
[SourceQuality "1"]

1. d4 Nf6 2. c4 e6 3. Nc3 d5 4. e3 Nbd7 5. Nf3 Be7 6. Bd3 c6 7. b3 b6 8. 0-0 0-0 9. Qc2 h6 10. Bb2 Bb7 11. Rac1 Rc8 12. Qe2 Bd6 13. e4 dxe4 14. Nxe4 Nxe4 15. Bxe4 Nf6 16. Bd3 c5 17. dxc5 Bxc5 18. Rfd1 Qe7 19. Ne5 Rfd8 20. Ng4 Nxg4 21. Qxg4 f5 22. Qe2 Qf7 23. a3 Qg6 24. g3 a5 25. Re1 Qf7 26. Rcd1 Re8 27. Qe5 Ba8 28. Be2 Qe7 29. Bh5 Qb7 30. Bf3 Qe7 31. Bh5 Qb7 32. Bf3 Qe7 33. a4 Bb4 34. Rf1 1/2-1/2

[Event "ESP-ch U12"]
[Site "Padron"]
[Date "2008.07.06"]
[Round "2"]
[White "Buch Prades, Joan"]
[Black "Delgado Osorio, Xavier"]
[Result "1/2-1/2"]
[WhiteElo "1540"]
[BlackElo "1897"]
[PlyCount "75"]
[EventDate "2008.07.06"]
[EventType "swiss"]
[EventRounds "9"]
[EventCountry "ESP"]
[SourceTitle "EXT 2009"]
[Source "ChessBase"]
[SourceDate "2008.11.26"]
[SourceVersion "1"]
[SourceVersionDate "2008.11.26"]
[SourceQuality "1"]

1. e4 d5 2. exd5 Qxd5 3. Nc3 Qa5 4. d4 Nf6 5. Nf3 Bf5 6. Bd3 Bxd3 7. Qxd3 Nbd7 8. Qb5 Qxb5 9. Nxb5 Nd5 10. Bd2 c6 11. Nc3 e6 12. 0-0 Bd6 13. Rfe1 0-0 14. Ne4 Be7 15. Rac1 c5 16. dxc5 Nxc5 17. Nxc5 Bxc5 18. Ne5 Rfd8 19. Nd3 Bb6 20. Nf4 Rac8 21. Nxd5 Rxd5 22. Bc3 Ba5 23. Bxa5 Rxa5 24. a3 Rac5 25. Red1 g6 26. Rd2 Rb5 27. b4 Rc3 28. Rd3 Rxd3 29. cxd3 Rd5 30. Rc3 Kg7 31. Kf1 a5 32. bxa5 Rxa5 33. Rb3 Kf6 34. Ke2 h6 35. h3 Ra7 36. Kd2 b5 37. Kc3 Ra4 38. Kb2 1/2-1/2